000 01821nam0a2200385 4500
001 RU\NLR\bibl\1356570
005 20250615182336.0
010 _a978-5-8399-0274-9
_9500
021 _aRU
_b2009-12433
_9734
035 _a(nilc)EL/0000250242
035 _aRU\LSL\Books\2533211
035 _a(NLR Aleph) 001348764
090 _a907269
_c907269
100 _a20090302d2008 |||y0rusy50 ca
101 0 _arus
102 _aRU
105 _ay |||||||||
200 1 _aУголовная ответственность за преступления против правосудия, совершаемые судьями и должностными лицами правоохранительных органов
_fН. Р. Емеева
_eИн-т экономики, упр. и права (г. Казань)
210 _aКазань
_cПознание
_d2008
215 _a251 с.
_d21
320 _aБиблиогр.: с.211-242 (421 назв.) и в подстроч. примеч.
606 1 _aПреступления против правосудия
_xУголовная ответственность
_yРоссийская Федерация
_92141385
_3RU\NLR\auth\661290621
606 1 _aДолжностные преступления
_xУголовная ответственность
_yРоссийская Федерация
_92084099
_3RU\NLR\auth\661260177
686 _aХ408.143(2Рос)
_vLBC/M
_2rubbk
686 _a10.77
_2rugasnti
686 _aХ628.111.8
686 _aХ628.111.7
700 1 _aЕмеева
_bН. Р.
_gНелли Рашидовна
_4070
801 0 _aRU
_bНБ Казанского ГУ
_c20090220
_gRCR
801 1 _aRU
_bНБ Казанского ГУ
_c20090302
_gRCR
801 2 _aRU
_bNLR
_c20090414
_grcr
942 _cBOOK
980 _aNB
980 _aNBR